[Event "Regensburg Donau Cup 2nd"]
[Site "Regensburg"]
[Date "2018.05.10"]
[Round "2"]
[White "Stock, Christoph"]
[Black "Adlhoch, Walter"]
[Result "1-0"]
[WhiteElo "2034"]
[BlackElo "1469"]
[PlyCount "31"]
[EventDate "2018.05.09"]
[EventType "swiss"]
[EventRounds "7"]
[EventCountry "GER"]
[SourceTitle "CBM 184 Extra"]
[Source "ChessBase"]
[SourceDate "2018.06.28"]
[SourceVersion "1"]
[SourceVersionDate "2018.06.28"]
[SourceQuality "1"]

1. e4 c5 2. f4 d6 3. Nf3 Nc6 4. b3 Nf6 5. Nc3 g6 6. Bc4 e6 7. Bb2 Bg7 8. e5 dxe5 9. fxe5 Ng4 10. Ne4 Ncxe5 11. Nxe5 Qh4+ 12. Nf2 Bxe5 13. Bxe5 Nxe5 14. Bb5+ Bd7 15. Qe2 b6 16. Qxe5 1-0

[Event "Oberpfalz-ch M3"]
[Site "Bad Koetzting"]
[Date "2018.03.27"]
[Round "7"]
[White "Adlhoch, Walter"]
[Black "Schwarzfischer, Juergen"]
[Result "1-0"]
[WhiteElo "1450"]
[BlackElo "1489"]
[PlyCount "63"]
[EventDate "2018.03.24"]
[EventType "swiss"]
[EventRounds "8"]
[EventCountry "GER"]
[SourceTitle "EXT 2020"]
[Source "ChessBase"]
[SourceDate "2019.10.17"]
[SourceVersion "1"]
[SourceVersionDate "2019.10.17"]
[SourceQuality "1"]

1. c4 g6 2. Nc3 Bg7 3. d4 Nf6 4. e4 d6 5. h3 0-0 6. Be3 Nfd7 7. g4 c5 8. Nge2 Nc6 9. Qd2 cxd4 10. Nxd4 Nde5 11. Be2 Nxd4 12. Bxd4 Be6 13. Nd5 Bxd5 14. exd5 b6 15. 0-0 f6 16. Rac1 Qe8 17. b4 Nd7 18. Qe3 Rf7 19. Rfe1 f5 20. Bxg7 Kxg7 21. gxf5 Ne5 22. fxg6 hxg6 23. f4 Nd7 24. Bg4 Nf8 25. f5 gxf5 26. Bh5 Ng6 27. Bxg6 Kxg6 28. Qg3+ Kh7 29. Qh4+ Kg8 30. Kh2 Rh7 31. Rg1+ Kh8 32. Qd4+ 1-0

[Event "Oberpfalz-ch M3"]
[Site "Bad Koetzting"]
[Date "2018.03.27"]
[Round "8"]
[White "Hummel, Peter"]
[Black "Adlhoch, Walter"]
[Result "1/2-1/2"]
[WhiteElo "1439"]
[BlackElo "1450"]
[PlyCount "25"]
[EventDate "2018.03.24"]
[EventType "swiss"]
[EventRounds "8"]
[EventCountry "GER"]
[SourceTitle "EXT 2020"]
[Source "ChessBase"]
[SourceDate "2019.10.17"]
[SourceVersion "1"]
[SourceVersionDate "2019.10.17"]
[SourceQuality "1"]

1. e3 c5 2. d3 b6 3. Be2 Bb7 4. Bf3 d5 5. Qe2 Nf6 6. b3 e6 7. Bb2 Be7 8. Nd2 0-0 9. Nh3 Qc7 10. c4 Re8 11. 0-0 Nbd7 12. g3 Rad8 13. Rad1 1/2-1/2

[Event "Oberpfalz-ch M3"]
[Site "Bad Koetzting"]
[Date "2018.03.26"]
[Round "6"]
[White "Voith, Walter"]
[Black "Adlhoch, Walter"]
[Result "0-1"]
[WhiteElo "1489"]
[BlackElo "1450"]
[PlyCount "66"]
[EventDate "2018.03.24"]
[EventType "swiss"]
[EventRounds "8"]
[EventCountry "GER"]
[SourceTitle "EXT 2020"]
[Source "ChessBase"]
[SourceDate "2019.10.17"]
[SourceVersion "1"]
[SourceVersionDate "2019.10.17"]
[SourceQuality "1"]

1. e4 c5 2. Nf3 d6 3. g3 g6 4. Bg2 Bg7 5. 0-0 e5 6. d3 Ne7 7. Nbd2 0-0 8. c3 Nbc6 9. a4 b6 10. Nc4 f5 11. Bh3 d5 12. exd5 Qxd5 13. Bg5 Re8 14. Ne3 Qd8 15. Qb3+ Kf8 16. Rfd1 h6 17. Bxe7+ Qxe7 18. Nh4 Qg5 19. Bg2 Be6 20. Bd5 Na5 21. Qb5 f4 22. Nf3 Qh5 23. Bxe6 fxe3 24. Bd5 exf2+ 25. Kxf2 Rad8 26. Be4 Rd6 27. b4 cxb4 28. cxb4 Nb3 29. Rab1 Nd4 30. Qc4 Nxf3 31. Bxf3 Qxh2+ 32. Ke3 h5 33. Qh4 Bh6+ 0-1

[Event "Oberpfalz-ch M3"]
[Site "Bad Koetzting"]
[Date "2018.03.25"]
[Round "4"]
[White "Reisinger, Willi"]
[Black "Adlhoch, Walter"]
[Result "1/2-1/2"]
[WhiteElo "1238"]
[BlackElo "1450"]
[PlyCount "93"]
[EventDate "2018.03.24"]
[EventType "swiss"]
[EventRounds "8"]
[EventCountry "GER"]
[SourceTitle "EXT 2020"]
[Source "ChessBase"]
[SourceDate "2019.10.17"]
[SourceVersion "1"]
[SourceVersionDate "2019.10.17"]
[SourceQuality "1"]

1. e4 c5 2. Nf3 d6 3. Be2 Nf6 4. d3 g6 5. 0-0 Bg7 6. Nc3 Nc6 7. a3 Rb8 8. Rb1 a6 9. Bd2 b5 10. Nd5 Nxd5 11. exd5 Nd4 12. Nxd4 cxd4 13. Qe1 0-0 14. c3 Bf5 15. cxd4 Bxd4 16. Bc3 Be5 17. Rc1 Rc8 18. Qd2 Bxc3 19. Rxc3 Qa5 20. b4 Qb6 21. Rfc1 Rxc3 22. Rxc3 Rc8 23. Rxc8+ Bxc8 24. Qc3 Bb7 25. Bf3 f6 26. h4 h5 27. d4 Kf7 28. Kh2 Qd8 29. Qe3 Kg7 30. g3 Bc8 31. Bg2 Qd7 32. f4 f5 33. Qc3 Bb7 34. Kg1 Qc8 35. Qxc8 Bxc8 36. Kf2 Bb7 37. Bf3 Kf7 38. Ke3 Ke8 39. Kf2 Kd7 40. Ke3 a5 41. Kf2 axb4 42. axb4 Ke8 43. Be2 Ba6 44. Ke3 Kd7 45. Kf3 Bb7 46. Kf2 Kc7 47. Ke3 1/2-1/2

[Event "Heusenstamm Sparkassen op-B 4th"]
[Site "Heusenstamm"]
[Date "2017.11.26"]
[Round "6"]
[White "Adlhoch, Walter"]
[Black "Giebitz, Walter"]
[Result "1-0"]
[WhiteElo "1542"]
[BlackElo "1483"]
[PlyCount "95"]
[EventDate "2017.11.23"]
[EventType "swiss"]
[EventRounds "7"]
[EventCountry "GER"]
[SourceTitle "EXT 2019"]
[Source "ChessBase"]
[SourceDate "2018.10.10"]
[SourceVersion "1"]
[SourceVersionDate "2018.10.10"]
[SourceQuality "1"]

1. c4 e5 2. Nc3 Bb4 3. Nd5 Nc6 4. Nxb4 Nxb4 5. a3 Nc6 6. d3 d6 7. g3 Nge7 8. Bg2 0-0 9. Nf3 h6 10. b4 a6 11. 0-0 Bg4 12. Bb2 Qd7 13. c5 Bh3 14. Rc1 Bxg2 15. Kxg2 f5 16. cxd6 cxd6 17. Qb3+ Kh8 18. Qc3 f4 19. d4 Rac8 20. Qd3 Qe6 21. dxe5 dxe5 22. Qe4 Ng6 23. Rc5 Rce8 24. Rfc1 Qf5 25. Nd2 fxg3 26. Qxf5 Rxf5 27. hxg3 Ref8 28. Ne4 Rd8 29. b5 Nd4 30. Bxd4 Rxd4 31. f3 Ra4 32. bxa6 Rxa6 33. R1c4 Rb6 34. Rc8+ Kh7 35. R4c7 Rb2 36. Kf2 Nf8 37. Nd6 Rf6 38. Ne8 Rg6 39. Rb8 Ne6 40. Rcxb7 Ra2 41. Ra7 Nd4 42. g4 Rxe2+ 43. Kf1 Re3 44. Rbb7 Rxf3+ 45. Ke1 Nf5 46. gxf5 Rg1+ 47. Ke2 Rfg3 48. Rxg7+ 1-0

[Event "Heusenstamm Sparkassen op-B 4th"]
[Site "Heusenstamm"]
[Date "2017.11.23"]
[Round "1"]
[White "Habiger, Gerhard"]
[Black "Adlhoch, Walter"]
[Result "0-1"]
[WhiteElo "1789"]
[BlackElo "1542"]
[PlyCount "40"]
[EventDate "2017.11.23"]
[EventType "swiss"]
[EventRounds "7"]
[EventCountry "GER"]
[SourceTitle "EXT 2019"]
[Source "ChessBase"]
[SourceDate "2018.10.10"]
[SourceVersion "1"]
[SourceVersionDate "2018.10.10"]
[SourceQuality "1"]

1. d4 d5 2. c4 e6 3. a3 c5 4. e3 Nf6 5. Nf3 Nc6 6. Nc3 b6 7. Bd3 cxd4 8. exd4 dxc4 9. Bxc4 Bb7 10. 0-0 Be7 11. h3 0-0 12. Be3 Rc8 13. Ba2 Na5 14. Qe2 Bxa3 15. Bxe6 Bxf3 16. gxf3 fxe6 17. Rxa3 Nd5 18. Rc1 Qh4 19. Kh2 Nf4 20. Bxf4 Qxf4+ 0-1

[Event "Wiesbaden op 29th"]
[Site "Wiesbaden"]
[Date "2017.08.24"]
[Round "1"]
[White "Adlhoch, Walter"]
[Black "Koellner, Aaron Noah"]
[Result "0-1"]
[WhiteElo "1560"]
[BlackElo "1894"]
[PlyCount "84"]
[EventDate "2017.08.24"]
[EventType "swiss"]
[EventRounds "7"]
[EventCountry "GER"]
[SourceTitle "CBM 180 Extra"]
[Source "ChessBase"]
[SourceDate "2017.10.06"]
[SourceVersion "1"]
[SourceVersionDate "2017.10.06"]
[SourceQuality "1"]

1. d4 d6 2. Nf3 Nf6 3. c4 g6 4. Nc3 Bf5 5. Bg5 Bg7 6. e3 h6 7. Bh4 Nbd7 8. Be2 0-0 9. h3 c5 10. 0-0 Ne4 11. Bd3 Nxc3 12. bxc3 Bxd3 13. Qxd3 Re8 14. Rfb1 Qc7 15. Bg3 Rac8 16. Rb3 Nb6 17. Nd2 Qc6 18. e4 Qa4 19. Bf4 cxd4 20. cxd4 Nxc4 21. Rxb7 Nxd2 22. Qxd2 Rc4 23. Bxh6 Rxd4 24. Qg5 Rd1+ 25. Rxd1 Qxd1+ 26. Kh2 Be5+ 27. g3 Qf1 28. Qe3 a6 29. Qa7 Bf6 30. Be3 Kg7 31. Bd4 Qc4 32. Bxf6+ Kxf6 33. Rb6 Qxe4 34. Rxa6 Rc8 35. Ra4 Qe5 36. Rf4+ Kg7 37. Qd7 Rc1 38. Qe8 Qd5 39. g4 Rh1+ 40. Kg3 Rg1+ 41. Kh4 Qh5+ 42. gxh5 g5# 0-1

[Event "Oberpfalz-ch M3"]
[Site "Windischeschenbach"]
[Date "2017.04.09"]
[Round "3"]
[White "Adlhoch, Walter"]
[Black "Baumueller, Steffen"]
[Result "1-0"]
[WhiteElo "1560"]
[BlackElo "1209"]
[PlyCount "93"]
[EventDate "2017.04.08"]
[EventType "swiss"]
[EventRounds "8"]
[EventCountry "GER"]
[SourceTitle "EXT 2020"]
[Source "ChessBase"]
[SourceDate "2019.10.17"]
[SourceVersion "1"]
[SourceVersionDate "2019.10.17"]
[SourceQuality "1"]

1. c4 e5 2. g3 Nf6 3. Bg2 d5 4. cxd5 Nxd5 5. d3 Nc6 6. Nf3 Be7 7. 0-0 0-0 8. a3 a5 9. Bd2 Re8 10. Nc3 Nb6 11. Rc1 Bd7 12. Ne4 Qc8 13. Qb3 Be6 14. Qc2 Bh3 15. Bxh3 Qxh3 16. Neg5 Bxg5 17. Nxg5 Qf5 18. Nf3 e4 19. dxe4 Qxe4 20. Qb3 Qd5 21. Qxd5 Nxd5 22. e3 a4 23. Bc3 Nxc3 24. Rxc3 Red8 25. Rfc1 h6 26. Rc4 Rd3 27. Kg2 Kf8 28. h4 Ra6 29. Kf1 Rb3 30. R1c2 Rab6 31. Rxa4 Rxb2 32. Rxb2 Rxb2 33. Nd4 Nxd4 34. Rxd4 Ke7 35. Ke1 Ra2 36. a4 c5 37. Rc4 Kd6 38. Re4 b6 39. g4 Rb2 40. h5 Rb4 41. Rxb4 cxb4 42. Kd2 Kc5 43. Kd3 b5 44. a5 Kc6 45. Kc2 g6 46. g5 hxg5 47. h6 1-0

[Event "Nittenau-ch 16th"]
[Site "Nittenau"]
[Date "2016.09.17"]
[Round "3"]
[White "Doll, Rebecca"]
[Black "Adlhoch, Walter"]
[Result "0-1"]
[WhiteElo "1071"]
[BlackElo "1582"]
[PlyCount "97"]
[EventDate "2016.09.16"]
[EventType "swiss"]
[EventRounds "5"]
[EventCountry "GER"]
[SourceTitle "EXT 2022"]
[Source "ChessBase"]
[SourceDate "2021.10.06"]
[SourceVersion "1"]
[SourceVersionDate "2021.10.06"]
[SourceQuality "1"]

1. e4 e6 2. d4 d5 3. Nc3 Nf6 4. exd5 exd5 5. Bd3 Be7 6. Nf3 Bg4 7. h3 Bh5 8. Bf4 0-0 9. g4 Bg6 10. Qd2 Ne4 11. Bxe4 Bxe4 12. Nxe4 dxe4 13. Ng5 Bxg5 14. Bxg5 Qd5 15. h4 e3 16. Qe2 Qxh1+ 17. Qf1 exf2+ 18. Kxf2 Qxf1+ 19. Rxf1 Re8 20. h5 c6 21. h6 f6 22. Be3 gxh6 23. Bxh6 Re4 24. Kg3 Nd7 25. Rd1 Kf7 26. Kf3 Rae8 27. Rd2 Kg6 28. Bf4 f5 29. g5 Nb6 30. b3 Nd5 31. Bd6 Re3+ 32. Kf2 Nc3 33. Bf4 Re2+ 34. Rxe2 Rxe2+ 35. Kf3 Rxc2 36. a3 Nd5 37. Bb8 a6 38. Ba7 Kxg5 39. Bc5 Rc3+ 40. Ke2 h5 41. Kf2 Rxb3 42. Kg2 h4 43. a4 h3+ 44. Kh2 Kg4 45. Bd6 Rb2+ 46. Kg1 f4 47. Kh1 Kg3 48. Bxf4+ Nxf4 49. Kg1 0-1

[Event "Nittenau-ch op 15th"]
[Site "Nittenau"]
[Date "2015.09.20"]
[Round "4"]
[White "Adlhoch, Walter"]
[Black "Helmich, Joerg"]
[Result "0-1"]
[WhiteElo "1537"]
[BlackElo "1699"]
[PlyCount "74"]
[EventDate "2015.09.18"]
[EventType "swiss"]
[EventRounds "5"]
[EventCountry "GER"]
[SourceTitle "EXT 2017"]
[Source "ChessBase"]
[SourceDate "2016.10.25"]
[SourceVersion "1"]
[SourceVersionDate "2016.10.25"]
[SourceQuality "1"]

1. c4 Nf6 2. Nc3 d5 3. d4 g6 4. Nf3 Bg7 5. g3 c6 6. cxd5 cxd5 7. Bg2 Nc6 8. 0-0 0-0 9. Rb1 Bf5 10. b4 Bxb1 11. Nxb1 Nxb4 12. Qb3 Qb6 13. Nc3 Nc6 14. Qa4 Qb4 15. Qa3 Qxa3 16. Bxa3 Rfe8 17. Nb5 Rac8 18. Bh3 Rb8 19. e3 a6 20. Nc3 Bf8 21. Ne5 e6 22. Bxf8 Kxf8 23. Na4 Nxe5 24. dxe5 Nd7 25. f4 Rec8 26. Rf2 b5 27. Nb2 Rc1+ 28. Kg2 Rbc8 29. Nd3 R1c2 30. Nb4 Rxf2+ 31. Kxf2 Nb6 32. Bf1 a5 33. Nxd5 Nxd5 34. Bxb5 Rc2+ 35. Kf3 Rxa2 36. h3 Ra3 37. Bc4 Nxe3 0-1

[Event "Nittenau-ch 14th"]
[Site "Nittenau"]
[Date "2014.09.06"]
[Round "3"]
[White "Oberhofer, Marie"]
[Black "Adlhoch, Walter"]
[Result "1-0"]
[WhiteElo "1671"]
[BlackElo "1392"]
[PlyCount "31"]
[EventDate "2014.09.05"]
[EventType "swiss"]
[EventRounds "5"]
[EventCountry "GER"]
[SourceTitle "CBM 162 Extra"]
[Source "ChessBase"]
[SourceDate "2014.10.17"]
[SourceVersion "1"]
[SourceVersionDate "2014.10.17"]
[SourceQuality "1"]

1. e4 e6 2. d4 d5 3. e5 c5 4. c3 Nc6 5. Nf3 Qb6 6. a3 cxd4 7. cxd4 Nh6 8. b4 Nf5 9. Be3 Nxe3 10. fxe3 Be7 11. Bd3 f6 12. 0-0 0-0 13. exf6 Bxf6 14. Qc2 Nxd4 15. Nxd4 Bxd4 16. Bxh7+ 1-0